[Event "SVK-chT2B 2223"]
[Site "Slovakia"]
[Date "2023.03.26"]
[Round "11.1"]
[White "Belan, Jozef"]
[Black "Molnar, Erno"]
[Result "0-1"]
[WhiteElo "2039"]
[BlackElo "2234"]
[PlyCount "82"]
[EventDate "2022.10.08"]
[EventType "team-tourn"]
[EventRounds "11"]
[EventCountry "SVK"]
[SourceTitle "EXT 2024"]
[Source "ChessBase"]
[SourceDate "2023.10.10"]
[SourceVersion "1"]
[SourceVersionDate "2023.10.10"]
[SourceQuality "1"]
[WhiteTeam "Topolcany II"]
[BlackTeam "Komarno II"]
[WhiteTeamCountry "SVK"]
[BlackTeamCountry "SVK"]

1. Nf3 Nf6 2. g3 g6 3. Bg2 d5 4. 0-0 Bg7 5. c4 dxc4 6. Qa4+ Nfd7 7. Qxc4 Nb6 8. Qc2 Nc6 9. d3 0-0 10. Nc3 Bg4 11. Be3 e5 12. Ng5 Nd4 13. Qd2 c6 14. h3 Bf5 15. Nge4 Qe7 16. Bh6 Rad8 17. Bxg7 Kxg7 18. e3 Ne6 19. Qc2 Rd7 20. Rfd1 Rfd8 21. Kh2 Nc5 22. Nxc5 Qxc5 23. e4 Be6 24. Rac1 f6 25. Qe2 Qd4 26. f4 Na4 27. Nxa4 Qxa4 28. b3 Qd4 29. Bf3 a5 30. h4 Qb4 31. h5 Qd6 32. fxe5 Qxe5 33. Kg2 g5 34. Rd2 h6 35. Rcd1 Rd4 36. Bg4 Bf7 37. Qf3 R8d6 38. Qf1 Qe8 39. Qf3 Qd8 40. Qf1 Rxe4 41. Bf5 Re5 0-1

[Event "SVK-chT2B 2223"]
[Site "Slovakia"]
[Date "2022.11.13"]
[Round "4.6"]
[White "Belan, Jozef"]
[Black "Hrebicik, David"]
[Result "1-0"]
[WhiteElo "2040"]
[BlackElo "1820"]
[PlyCount "85"]
[EventDate "2022.10.08"]
[EventType "team-tourn"]
[EventRounds "11"]
[EventCountry "SVK"]
[SourceTitle "EXT 2024"]
[Source "ChessBase"]
[SourceDate "2023.10.10"]
[SourceVersion "1"]
[SourceVersionDate "2023.10.10"]
[SourceQuality "1"]
[WhiteTeam "Topolcany II"]
[BlackTeam "Povazske Podhradie"]
[WhiteTeamCountry "SVK"]
[BlackTeamCountry "SVK"]

1. c4 e6 2. Nf3 Nf6 3. g3 d5 4. Bg2 c5 5. cxd5 exd5 6. d4 Nc6 7. 0-0 c4 8. Nc3 Bb4 9. Qc2 Bxc3 10. bxc3 0-0 11. Nh4 Re8 12. Bg5 Re6 13. Nf5 h6 14. Bh4 Qa5 15. f3 Nh7 16. g4 Re8 17. e4 g5 18. Bg3 Bxf5 19. gxf5 f6 20. Rfe1 h5 21. h4 gxh4 22. Bxh4 Qc7 23. Qd2 Re7 24. e5 fxe5 25. Bxe7 Nxe7 26. Rxe5 Rf8 27. Kf2 Rxf5 28. Rae1 Rxe5 29. Rxe5 Ng6 30. Rxh5 Nf4 31. Rh4 Nd3+ 32. Kf1 Qb6 33. Bh3 Qf6 34. Rg4+ Kf8 35. Qe3 Qb6 36. Kg2 Qb2+ 37. Kg3 Qb6 38. Bf1 Nf6 39. Qh6+ Ke8 40. Qh8+ Ke7 41. Rg7+ Ke6 42. Bh3+ Kd6 43. Qf8+ 1-0

[Event "SVK-chT2B 2223"]
[Site "Slovakia"]
[Date "2022.11.12"]
[Round "3.3"]
[White "Belan, Jozef"]
[Black "Bombek, Peter"]
[Result "0-1"]
[WhiteElo "2040"]
[BlackElo "2127"]
[PlyCount "109"]
[EventDate "2022.10.08"]
[EventType "team-tourn"]
[EventRounds "11"]
[EventCountry "SVK"]
[SourceTitle "EXT 2024"]
[Source "ChessBase"]
[SourceDate "2023.10.10"]
[SourceVersion "1"]
[SourceVersionDate "2023.10.10"]
[SourceQuality "1"]
[WhiteTeam "Topolcany II"]
[BlackTeam "Belusa"]
[WhiteTeamCountry "SVK"]
[BlackTeamCountry "SVK"]

1. Nf3 d5 2. c4 e6 3. g3 Nf6 4. Bg2 dxc4 5. Qa4+ Bd7 6. Qxc4 Bc6 7. 0-0 Be7 8. d3 0-0 9. Nbd2 a6 10. Qc2 Nbd7 11. d4 Bb5 12. Nc4 c5 13. dxc5 Bxc5 14. Nfe5 Rc8 15. Qb3 Bxc4 16. Nxc4 b5 17. Ne3 Qb6 18. Nd1 Rfd8 19. Be3 Bxe3 20. Qxe3 Rc2 21. Rc1 Qxe3 22. Nxe3 Rxb2 23. Rfd1 Rb8 24. Rc2 Rxc2 25. Nxc2 Kf8 26. Kf1 a5 27. Nd4 Ne5 28. h3 b4 29. Nc6 Nxc6 30. Bxc6 Ke7 31. e3 Rb6 32. Ba4 Nd5 33. Rc1 Nc3 34. Bc2 a4 35. Bb1 h6 36. Ke1 Rd6 37. Kf1 Rd2 38. Bc2 Rd6 39. Bb1 g5 40. Ke1 Kf6 41. f3 Ke5 42. f4+ gxf4 43. gxf4+ Kf6 44. h4 e5 45. Bh7 exf4 46. exf4 Nxa2 47. Rc4 Rb6 48. Kd2 Nc3 49. Kc2 Nd5 50. Kb2 Ne3 51. Rc5 Rd6 52. Rb5 Rd4 53. Bb1 Rxf4 54. Rb6+ Kg7 55. h5 0-1

[Event "SVK-ch Amateurs"]
[Site "Topolcany"]
[Date "2021.08.08"]
[Round "5"]
[White "Belan, Jozef"]
[Black "Sorkovsky, Miroslav"]
[Result "0-1"]
[WhiteElo "2041"]
[BlackElo "2143"]
[PlyCount "152"]
[EventDate "2021.08.06"]
[EventType "swiss"]
[EventRounds "7"]
[EventCountry "SVK"]
[SourceTitle "EXT 2022"]
[Source "ChessBase"]
[SourceDate "2021.10.06"]
[SourceVersion "1"]
[SourceVersionDate "2021.10.06"]
[SourceQuality "1"]

1. c4 e5 2. g3 Nf6 3. Bg2 h6 4. Nc3 Bb4 5. Nf3 Bxc3 6. bxc3 e4 7. Nd4 0-0 8. 0-0 Re8 9. Nc2 c6 10. d4 d5 11. cxd5 cxd5 12. Ne3 Nc6 13. f3 Na5 14. fxe4 Nxe4 15. Qd3 b6 16. Bb2 Bb7 17. Rf4 Rc8 18. Raf1 Rc7 19. Ba1 Ng5 20. Rf5 Ne4 21. Re5 Rxe5 22. dxe5 Nc4 23. e6 fxe6 24. Bxe4 Nxe3 25. Bh7+ Kh8 26. Qxe3 Kxh7 27. Qxe6 Qe7 28. Qf5+ Kg8 29. Qf4 Rc4 30. Qf2 Re4 31. Re1 Ba6 32. c4 Bxc4 33. e3 Qf7 34. Qb2 Rxe3 35. Rd1 Re2 36. Qd4 Rxa2 37. Re1 Re2 38. Rd1 Qe7 39. Bc3 Qe3+ 40. Qxe3 Rxe3 41. Bd4 Rd3 42. Rxd3 Bxd3 43. Kf2 Kf7 44. Ke3 Bf1 45. Kf4 g6 46. Ke5 Bc4 47. Kd6 h5 48. h4 a6 49. Bxb6 Kf6 50. Bd4+ Kf5 51. Kc5 Ke4 52. Bc3 Kd3 53. Bf6 Kc2 54. Kb4 Bb3 55. Be5 Bc4 56. Bf6 Kd3 57. Kc5 Ke4 58. Bc3 Be2 59. Bf6 Bd1 60. Bc3 Bc2 61. Bf6 a5 62. Bg7 a4 63. Bb2 Bd1 64. Bf6 Bb3 65. Bb2 Kd3 66. Bf6 Kc2 67. Kb4 Kd2 68. Bg7 Ke3 69. Kc5 Ke4 70. Bf6 Bc4 71. Bb2 Kf3 72. Be5 a3 73. Kb4 a2 74. Kc5 Ke4 75. Bb2 Kd3 76. Ba1 Kc2 0-1

[Event "SVK-ch Amateurs"]
[Site "Topolcany"]
[Date "2021.08.07"]
[Round "3"]
[White "Belan, Jozef"]
[Black "Bango, Lukas"]
[Result "0-1"]
[WhiteElo "2041"]
[BlackElo "2167"]
[PlyCount "64"]
[EventDate "2021.08.06"]
[EventType "swiss"]
[EventRounds "7"]
[EventCountry "SVK"]
[SourceTitle "EXT 2022"]
[Source "ChessBase"]
[SourceDate "2021.10.06"]
[SourceVersion "1"]
[SourceVersionDate "2021.10.06"]
[SourceQuality "1"]

1. c4 Nf6 2. g3 g6 3. Bg2 Bg7 4. Nc3 0-0 5. Nf3 c5 6. 0-0 Nc6 7. d4 cxd4 8. Nxd4 Nxd4 9. Qxd4 d6 10. Qd3 Qa5 11. Bd2 Qh5 12. Nd5 Nxd5 13. Bxd5 Bxb2 14. Rab1 Bf6 15. Bxb7 Rb8 16. Rb5 Be5 17. Rfb1 Bg4 18. f3 Bd7 19. Ra5 Qh3 20. Be1 h5 21. Rb3 h4 22. f4 Rxb7 23. fxe5 Bc6 24. e4 Rxb3 25. axb3 f5 26. exf6 Rxf6 27. Qe2 Bxe4 28. Rxa7 Bf3 29. Qc2 Re6 30. Bc3 hxg3 31. Ra1 Be2 32. hxg3 Qxg3+ 0-1

[Event "SVK-chT2B 1718"]
[Site "Slovakia"]
[Date "2018.03.17"]
[Round "10.4"]
[White "Joba, Arpad"]
[Black "Belan, Jozef"]
[Result "1-0"]
[WhiteElo "2060"]
[BlackElo "2056"]
[PlyCount "59"]
[EventDate "2017.10.28"]
[EventType "team-tourn"]
[EventRounds "11"]
[EventCountry "SVK"]
[SourceTitle "EXT 2020"]
[Source "ChessBase"]
[SourceDate "2019.10.17"]
[SourceVersion "1"]
[SourceVersionDate "2019.10.17"]
[SourceQuality "1"]
[WhiteTeam "Komarno II"]
[BlackTeam "Topolcany"]
[WhiteTeamCountry "SVK"]
[BlackTeamCountry "SVK"]

1. e4 c5 2. Nf3 d6 3. c3 Nf6 4. Bc4 Nc6 5. d3 e6 6. Bg5 Be7 7. 0-0 0-0 8. Nbd2 Qc7 9. a4 a6 10. Qe2 Bd7 11. Rfc1 Rfe8 12. d4 e5 13. dxe5 dxe5 14. Nf1 Na5 15. Bxf6 Bxf6 16. Ne3 Nxc4 17. Nd5 Qd6 18. Qxc4 b5 19. Qd3 Bc6 20. Rd1 c4 21. Qe3 Rab8 22. Nb4 Qe6 23. Nxa6 bxa4 24. Nxb8 Rxb8 25. Rd2 Qe7 26. h3 g6 27. Rad1 Bg7 28. Qe2 Bb5 29. Rd5 f6 30. Rxb5 1-0

[Event "SVK-chT2B 1718"]
[Site "Slovakia"]
[Date "2018.02.25"]
[Round "9.4"]
[White "Beres, Dominik"]
[Black "Belan, Jozef"]
[Result "1-0"]
[WhiteElo "2129"]
[BlackElo "2046"]
[PlyCount "79"]
[EventDate "2017.10.28"]
[EventType "team-tourn"]
[EventRounds "11"]
[EventCountry "SVK"]
[SourceTitle "EXT 2019"]
[Source "ChessBase"]
[SourceDate "2018.10.10"]
[SourceVersion "1"]
[SourceVersionDate "2018.10.10"]
[SourceQuality "1"]
[WhiteTeam "Tlmace"]
[BlackTeam "Topolcany"]
[WhiteTeamCountry "SVK"]
[BlackTeamCountry "SVK"]

1. e4 c5 2. Nf3 d6 3. c3 Nf6 4. Bd3 g6 5. 0-0 Bg7 6. Bc2 0-0 7. d4 cxd4 8. cxd4 Nc6 9. Nbd2 Bd7 10. a3 Rc8 11. d5 Ne5 12. Nxe5 dxe5 13. a4 Qc7 14. Bb3 Rfd8 15. Qe2 Ne8 16. Nc4 Nd6 17. Nxd6 exd6 18. Be3 f5 19. f3 Rf8 20. a5 fxe4 21. Rfc1 Qb8 22. fxe4 a6 23. Bc4 Rf7 24. Qd2 Be8 25. Be2 Rfc7 26. Rxc7 Qxc7 27. Qb4 Qe7 28. Bg4 Rb8 29. Qb6 Bb5 30. Rc1 Rf8 31. Bf3 g5 32. h3 Qf6 33. Bg4 h5 34. Bxh5 g4 35. Bxg4 Bh6 36. Bf5 Bf4 37. Bxf4 exf4 38. Qf2 Qg5 39. h4 Qh6 40. Rc7 1-0

[Event "SVK-chT2B 1617"]
[Site "Slovakia"]
[Date "2017.03.11"]
[Round "10.4"]
[White "Vitek, Matej"]
[Black "Belan, Jozef"]
[Result "0-1"]
[WhiteElo "1958"]
[BlackElo "2033"]
[PlyCount "66"]
[EventDate "2016.10.08"]
[EventType "team-tourn"]
[EventRounds "11"]
[EventCountry "SVK"]
[SourceTitle "EXT 2018"]
[Source "ChessBase"]
[SourceDate "2017.10.13"]
[SourceVersion "1"]
[SourceVersionDate "2017.10.13"]
[SourceQuality "1"]
[WhiteTeam "Surany Lokomotiva"]
[BlackTeam "Topolcany"]
[WhiteTeamCountry "SVK"]
[BlackTeamCountry "SVK"]

1. d4 Nf6 2. Nf3 g6 3. c4 Bg7 4. Nc3 0-0 5. Bg5 d6 6. e3 Na6 7. Be2 c5 8. 0-0 h6 9. Bh4 Bf5 10. Qb3 Qd7 11. Nd5 g5 12. Nxf6+ Bxf6 13. Bg3 Rfd8 14. h3 b6 15. a3 Nc7 16. Rfd1 Kg7 17. Ne5 Qe8 18. Bf3 h5 19. Bxa8 Rxa8 20. a4 Kh7 21. Nf3 h4 22. Bh2 Qg8 23. Kf1 g4 24. hxg4 Qxg4 25. Ng1 Rg8 26. g3 Be4 27. Ke1 cxd4 28. exd4 hxg3 29. Bxg3 Ne6 30. Qe3 Bc2 31. Rd2 Nxd4 32. Ne2 Nf3+ 33. Kf1 Qh3# 0-1

[Event "SVK-chT2B 1516"]
[Site "Slovakia"]
[Date "2016.02.14"]
[Round "9.6"]
[White "Dobrotka, Martin"]
[Black "Belan, Jozef"]
[Result "1-0"]
[WhiteElo "2187"]
[BlackElo "2051"]
[PlyCount "103"]
[EventDate "2015.10.17"]
[EventType "team-tourn"]
[EventRounds "11"]
[EventCountry "SVK"]
[SourceTitle "EXT 2019"]
[Source "ChessBase"]
[SourceDate "2018.10.10"]
[SourceVersion "1"]
[SourceVersionDate "2018.10.10"]
[SourceQuality "1"]
[WhiteTeam "Bojnice SK PRM"]
[BlackTeam "Topolciansky CVC II"]
[WhiteTeamCountry "SVK"]
[BlackTeamCountry "SVK"]

1. d4 Nf6 2. c4 g6 3. Nf3 Bg7 4. Nc3 0-0 5. e4 d6 6. Be2 e5 7. dxe5 dxe5 8. Qxd8 Rxd8 9. Bg5 Re8 10. Nd5 Nxd5 11. cxd5 f6 12. Be3 Bf8 13. Rc1 c6 14. Bc4 Kg7 15. Nd2 Bd7 16. 0-0 Bd6 17. Rfd1 c5 18. Bf1 b6 19. f3 Rd8 20. Be2 Bc8 21. g3 Nd7 22. Bb5 Rb8 23. Bc6 Bb7 24. Nc4 Nf8 25. Bb5 a6 26. Ba4 b5 27. Nxd6 Rxd6 28. Bxc5 Rdd8 29. Bb3 Nd7 30. Bd6 Rbc8 31. Bc7 Re8 32. Rc2 f5 33. a4 Nf6 34. exf5 gxf5 35. axb5 axb5 36. Kf2 Kg6 37. d6 Nd7 38. Ra1 Ra8 39. Ba5 Rac8 40. Rac1 Rxc2+ 41. Rxc2 Kf6 42. Rc7 Bc8 43. Bc3 Kg6 44. Bd5 Rd8 45. f4 exf4 46. gxf4 Nb6 47. Bf7+ Kh6 48. Rc6 Nd7 49. Be5 Rf8 50. Be6 Kg6 51. Rxc8 Rxc8 52. Bxd7 1-0

[Event "SVK-chT2B 1516"]
[Site "Slovakia"]
[Date "2015.11.08"]
[Round "4.2"]
[White "Nagy, Tomas"]
[Black "Belan, Jozef"]
[Result "1-0"]
[WhiteElo "2246"]
[BlackElo "2073"]
[PlyCount "85"]
[EventDate "2015.10.17"]
[EventType "team-tourn"]
[EventRounds "11"]
[EventCountry "SVK"]
[SourceTitle "EXT 2019"]
[Source "ChessBase"]
[SourceDate "2018.10.10"]
[SourceVersion "1"]
[SourceVersionDate "2018.10.10"]
[SourceQuality "1"]
[WhiteTeam "Sala Slovan Duslo"]
[BlackTeam "Topolciansky CVC II"]
[WhiteTeamCountry "SVK"]
[BlackTeamCountry "SVK"]

1. Nf3 Nf6 2. d4 g6 3. c4 Bg7 4. Nc3 0-0 5. g3 d6 6. Bg2 Nc6 7. 0-0 e5 8. dxe5 dxe5 9. Bg5 Be6 10. Qa4 Qc8 11. Bxf6 Bxf6 12. Nd5 Bd8 13. Rfd1 f6 14. b4 Nb8 15. c5 Kg7 16. Rac1 Qd7 17. c6 Nxc6 18. Nb6 cxb6 19. Rxd7+ Bxd7 20. b5 Na5 21. Qb4 Rf7 22. Nd2 Rc8 23. Rxc8 Bxc8 24. Bd5 Rc7 25. Qd6 Bh3 26. Bg2 Rd7 27. Qb4 Be7 28. Qc3 Be6 29. a3 Nc4 30. Nxc4 Rc7 31. Bc6 bxc6 32. Nxe5 Bc5 33. Nxc6 a6 34. a4 axb5 35. axb5 Bh3 36. g4 Bxg4 37. Qg3 Rd7 38. Qxg4 Rd1+ 39. Kg2 f5 40. Qc4 Rd7 41. Qe6 Rf7 42. Qe5+ Kg8 43. h4 1-0

[Event "SVK-chT2B 1516"]
[Site "Slovakia"]
[Date "2015.10.18"]
[Round "2.4"]
[White "Belan, Jozef"]
[Black "Kukel, Imre1111"]
[Result "0-1"]
[WhiteElo "2087"]
[BlackElo "2240"]
[PlyCount "52"]
[EventDate "2015.10.17"]
[EventType "team-tourn"]
[EventRounds "11"]
[EventCountry "SVK"]
[SourceTitle "EXT 2019"]
[Source "ChessBase"]
[SourceDate "2018.10.10"]
[SourceVersion "1"]
[SourceVersionDate "2018.10.10"]
[SourceQuality "1"]
[WhiteTeam "Topolciansky CVC II"]
[BlackTeam "Komarno KSC"]
[WhiteTeamCountry "SVK"]
[BlackTeamCountry "SVK"]

1. g3 Nf6 2. Bg2 g6 3. Nf3 Bg7 4. 0-0 0-0 5. d3 d5 6. Nbd2 c5 7. c4 e6 8. a3 Nc6 9. Rb1 a5 10. b3 Qc7 11. Ne1 Rd8 12. Bb2 b6 13. Ndf3 Ra7 14. Qc2 Bd7 15. d4 Nxd4 16. Nxd4 cxd4 17. cxd5 Nxd5 18. Qd2 Nc3 19. Rc1 Bb5 20. Nd3 Qe7 21. Rfe1 Rc7 22. Rc2 e5 23. a4 Ba6 24. Qc1 Rdc8 25. Bh3 f5 26. Ba3 Qd7 0-1

[Event "SVK-chT2B 1314"]
[Site "Slovakia"]
[Date "2014.02.01"]
[Round "7.4"]
[White "Belan, Jozef"]
[Black "Geleta, Andrej"]
[Result "1-0"]
[WhiteElo "2096"]
[BlackElo "1843"]
[PlyCount "79"]
[EventDate "2013.10.19"]
[EventType "team-tourn"]
[EventRounds "11"]
[EventCountry "SVK"]
[SourceTitle "EXT 2015"]
[Source "ChessBase"]
[SourceDate "2014.11.20"]
[SourceVersion "1"]
[SourceVersionDate "2014.11.20"]
[SourceQuality "1"]
[WhiteTeam "Topolcany"]
[BlackTeam "Nitra NSK II"]
[WhiteTeamCountry "SVK"]
[BlackTeamCountry "SVK"]

1. c4 c5 2. g3 Nc6 3. Bg2 Nf6 4. Nc3 e6 5. e4 Be7 6. Nge2 0-0 7. 0-0 a6 8. h3 Rb8 9. d4 d6 10. a4 Nb4 11. d5 exd5 12. cxd5 b5 13. Be3 Nd7 14. f4 Nb6 15. b3 Bd7 16. axb5 axb5 17. Kh2 Ra8 18. Rxa8 Nxa8 19. g4 Nc7 20. e5 Ne8 21. Ng3 Qc7 22. exd6 Nxd6 23. Nce4 c4 24. Bc5 Nd3 25. Bxd6 Bxd6 26. Nxd6 Qxd6 27. Ne4 Qb4 28. bxc4 bxc4 29. Qc2 Rb8 30. Nd2 Rc8 31. Be4 Qb2 32. Bxd3 cxd3 33. Qxb2 Rc2 34. Qb8+ Bc8 35. Rf2 h6 36. Ne4 Rc1 37. Nd6 Kh7 38. Nxc8 Rc2 39. Rxc2 dxc2 40. Ne7 1-0

[Event "SVK-chT2B 1314"]
[Site "Slovakia"]
[Date "2014.01.11"]
[Round "5.4"]
[White "Podhorsky, Martin"]
[Black "Belan, Jozef"]
[Result "0-1"]
[WhiteElo "1951"]
[BlackElo "2096"]
[PlyCount "90"]
[EventDate "2013.10.19"]
[EventType "team-tourn"]
[EventRounds "11"]
[EventCountry "SVK"]
[SourceTitle "EXT 2015"]
[Source "ChessBase"]
[SourceDate "2014.11.20"]
[SourceVersion "1"]
[SourceVersionDate "2014.11.20"]
[SourceQuality "1"]
[WhiteTeam "Topolcianky"]
[BlackTeam "Topolcany"]
[WhiteTeamCountry "SVK"]
[BlackTeamCountry "SVK"]

1. e4 c5 2. Nf3 d6 3. Bb5+ Bd7 4. Bxd7+ Qxd7 5. 0-0 Nc6 6. c3 Nf6 7. Re1 g6 8. d4 Bg7 9. b3 0-0 10. Bb2 cxd4 11. cxd4 d5 12. e5 Ne4 13. Nc3 Nxc3 14. Bxc3 Rac8 15. Rc1 Rc7 16. Qd3 e6 17. Rc2 Rfc8 18. Rec1 a6 19. Bd2 Bf8 20. g3 Ba3 21. Rd1 Nb4 22. Bxb4 Rxc2 23. Bxa3 R8c3 24. Qf1 Rxf3 25. Kg2 Re3 26. Rc1 Qc6 27. Kg1 Rec3 28. Rxc2 Rxc2 29. Qe1 Qb5 30. Qd1 Qe2 31. Qxe2 Rxe2 32. Bc5 Rxa2 33. b4 Kg7 34. Kg2 f6 35. exf6+ Kxf6 36. Kf3 h5 37. h4 Kf5 38. Bd6 Ra3+ 39. Kg2 Ke4 40. Bc5 Ra2 41. Bb6 Rd2 42. Bc5 Rb2 43. Bb6 Rxb4 44. Bc5 Rb2 45. Ba7 a5 0-1

[Event "SVK-chT2B 1314"]
[Site "Slovakia"]
[Date "2013.10.20"]
[Round "2.6"]
[White "Belan, Jozef"]
[Black "Zakovicova, Silvia"]
[Result "1-0"]
[WhiteElo "2096"]
[BlackElo "1663"]
[PlyCount "65"]
[EventDate "2013.10.19"]
[EventType "team-tourn"]
[EventRounds "11"]
[EventCountry "SVK"]
[SourceTitle "EXT 2015"]
[Source "ChessBase"]
[SourceDate "2014.11.20"]
[SourceVersion "1"]
[SourceVersionDate "2014.11.20"]
[SourceQuality "1"]
[WhiteTeam "Topolcany"]
[BlackTeam "Prievidza II"]
[WhiteTeamCountry "SVK"]
[BlackTeamCountry "SVK"]

1. c4 e5 2. Nc3 Nc6 3. g3 Nf6 4. Bg2 Bc5 5. e3 0-0 6. Nge2 Re8 7. d3 d6 8. 0-0 a6 9. a3 Ne7 10. b4 Ba7 11. Bb2 c5 12. b5 axb5 13. Nxb5 Bb6 14. Rb1 Rb8 15. Qc2 Ba5 16. Rfd1 b6 17. Rbc1 Ba6 18. a4 Bb7 19. d4 exd4 20. exd4 Nc6 21. dxc5 Nb4 22. Qd2 Bxg2 23. Bxf6 Qxf6 24. Kxg2 dxc5 25. Qf4 Qc6+ 26. Kg1 Qe6 27. Nec3 Red8 28. Qc7 Re8 29. Nd5 Rbd8 30. Ne7+ Rxe7 31. Rxd8+ Re8 32. Rcd1 g6 33. Rxe8+ 1-0

[Event "SVK-chT2B 1213"]
[Site "Slovakia"]
[Date "2013.03.16"]
[Round "10.3"]
[White "Belan, Jozef"]
[Black "Pereszlenyi, Gejza"]
[Result "1-0"]
[WhiteElo "2090"]
[BlackElo "2031"]
[PlyCount "62"]
[EventDate "2012.10.13"]
[EventType "team-tourn"]
[EventRounds "11"]
[EventCountry "SVK"]
[SourceTitle "EXT 2015"]
[Source "ChessBase"]
[SourceDate "2014.11.20"]
[SourceVersion "1"]
[SourceVersionDate "2014.11.20"]
[SourceQuality "1"]
[WhiteTeam "Topolcany"]
[BlackTeam "Nitra II"]
[WhiteTeamCountry "SVK"]
[BlackTeamCountry "SVK"]

1. c4 e5 2. d3 Nc6 3. Nf3 d6 4. g3 Nf6 5. Bg2 Be7 6. 0-0 0-0 7. Nc3 Re8 8. Rb1 a5 9. a3 h6 10. b4 axb4 11. axb4 Be6 12. Re1 Qd7 13. Qc2 Bg4 14. e3 Qf5 15. Nd2 d5 16. Nxd5 Nxd5 17. cxd5 Nxb4 18. Qc4 Nxd3 19. Rf1 Nc5 20. Ne4 Ra4 21. Qb5 Rea8 22. Nxc5 Bxc5 23. e4 Rxe4 24. Qxc5 Re2 25. Be3 Rc2 26. Qb4 Bf3 27. Ra1 Rd8 28. Qxb7 Rxd5 29. Bxf3 Qxf3 30. Ra8+ Kh7 31. Qb8 Qf6 1-0

[Event "SVK-chT2B 1213"]
[Site "Slovakia"]
[Date "2013.02.17"]
[Round "9.2"]
[White "Belan, Jozef"]
[Black "Kurtulik, Andrej"]
[Result "0-1"]
[WhiteElo "2090"]
[BlackElo "1884"]
[PlyCount "130"]
[EventDate "2012.10.13"]
[EventType "team-tourn"]
[EventRounds "11"]
[EventCountry "SVK"]
[SourceTitle "EXT 2015"]
[Source "ChessBase"]
[SourceDate "2014.11.20"]
[SourceVersion "1"]
[SourceVersionDate "2014.11.20"]
[SourceQuality "1"]
[WhiteTeam "Topolcany"]
[BlackTeam "Prievidza II"]
[WhiteTeamCountry "SVK"]
[BlackTeamCountry "SVK"]

1. c4 e5 2. Nc3 Nf6 3. g3 Nc6 4. Bg2 Bb4 5. Nf3 d6 6. 0-0 0-0 7. d4 exd4 8. Nxd4 Ne5 9. Nd5 Nxd5 10. cxd5 Bc5 11. b3 Bd7 12. Bb2 Qc8 13. Qd2 Bh3 14. Rac1 Bxg2 15. Kxg2 Qg4 16. f3 Qh5 17. e4 g6 18. f4 Ng4 19. h3 Nf6 20. Rce1 Rae8 21. Qd3 Nxe4 22. Nf3 f5 23. Nd4 Bxd4 24. Qxd4 Re7 25. Rf3 b6 26. h4 Qh6 27. Rfe3 Rfe8 28. g4 Rf8 29. gxf5 gxf5 30. Rg3+ Kf7 31. Rg7+ Ke8 32. Rxe7+ Kxe7 33. Kf3 Rg8 34. Rxe4+ fxe4+ 35. Qxe4+ Kd8 36. Qf5 Rf8 37. Qg5+ Qxg5 38. hxg5 Kd7 39. Kg4 c6 40. dxc6+ Kxc6 41. f5 Kd5 42. g6 hxg6 43. fxg6 Ke6 44. g7 Rd8 45. Kf4 d5 46. Bd4 Re8 47. Ke3 Kf7+ 48. Kd3 Re4 49. a4 Rg4 50. Be5 Ke6 51. Bd4 Kd6 52. Kc3 Kc6 53. b4 a6 54. Bf6 b5 55. a5 Kd6 56. Bd4 Ke6 57. Kd3 Rg3+ 58. Kc2 Kf5 59. Kd2 Ke4 60. Bf6 d4 61. Kc2 Rg6 62. Kd2 Rg2+ 63. Kd1 Ke3 64. Kc1 d3 65. Bc3 Rg1+ 0-1

[Event "SVK-chT2B 1213"]
[Site "Slovakia"]
[Date "2012.10.13"]
[Round "1.6"]
[White "Szaraz, Vojtech"]
[Black "Belan, Jozef"]
[Result "1/2-1/2"]
[WhiteElo "1926"]
[BlackElo "2090"]
[PlyCount "104"]
[EventDate "2012.10.13"]
[EventType "team-tourn"]
[EventRounds "11"]
[EventCountry "SVK"]
[SourceTitle "EXT 2015"]
[Source "ChessBase"]
[SourceDate "2014.11.20"]
[SourceVersion "1"]
[SourceVersionDate "2014.11.20"]
[SourceQuality "1"]
[WhiteTeam "Surany"]
[BlackTeam "Topolcany"]
[WhiteTeamCountry "SVK"]
[BlackTeamCountry "SVK"]

1. f4 b6 2. d4 e6 3. e3 Bb7 4. Nf3 Nf6 5. Bd3 Be7 6. 0-0 d6 7. c3 Nbd7 8. Nbd2 c5 9. Qe2 0-0 10. Kh1 Rc8 11. e4 cxd4 12. Nxd4 Nc5 13. Rf3 Nxd3 14. Qxd3 Re8 15. Ne2 Rc7 16. Rh3 Qa8 17. Ng3 d5 18. e5 Ne4 19. Ndxe4 dxe4 20. Qe2 g6 21. Be3 Rd7 22. Rf1 Qc8 23. c4 Rd3 24. b3 Red8 25. f5 Qd7 26. fxg6 fxg6 27. Bh6 Rd1 28. Be3 Qd3 29. Kg1 Qb1 30. Qg4 Rxf1+ 31. Nxf1 Rd1 32. Qxe6+ Kf8 33. Bh6+ Ke8 34. Qg8+ Kd7 35. Qf7 e3 36. Bxe3 Qe4 37. Qf3 Qxf3 38. gxf3 Ke6 39. Kf2 Kxe5 40. Rxh7 Ke6 41. Rg7 Kf6 42. Rh7 Bxf3 43. Bg5+ Kxg5 44. Rxe7 Bg4 45. Rxa7 Kf4 46. Rf7+ Bf5 47. Rf6 Ra1 48. Rxb6 Rxa2+ 49. Ke1 Ra1+ 50. Kf2 Ra2+ 51. Ke1 Ra1+ 52. Kf2 Ra2+ 1/2-1/2

[Event "SVK-chT2B 0708"]
[Site "Slovakia"]
[Date "2008.03.12"]
[Round "11.2"]
[White "Belan, Jozef"]
[Black "Ondrus, Martin"]
[Result "1/2-1/2"]
[WhiteElo "2095"]
[BlackElo "2061"]
[PlyCount "26"]
[EventDate "2007.10.06"]
[EventType "team-tourn"]
[EventRounds "11"]
[EventCountry "SVK"]
[SourceTitle "EXT 2010"]
[Source "ChessBase"]
[SourceDate "2010.11.25"]
[SourceVersion "1"]
[SourceVersionDate "2010.11.25"]
[SourceQuality "1"]
[WhiteTeam "Topolcianky Lokomotiva"]
[BlackTeam "Nitra SPU II"]
[WhiteTeamCountry "SVK"]
[BlackTeamCountry "SVK"]

1. e4 c5 2. Nc3 g6 3. g3 Bg7 4. Bg2 Nc6 5. d3 d6 6. Be3 Nf6 7. h3 0-0 8. Qd2 Nd4 9. Nce2 e5 10. c3 Nxe2 11. Nxe2 Be6 12. 0-0 Qc8 13. Kh2 d5 1/2-1/2

[Event "SVK-chT2B 0708"]
[Site "Slovakia"]
[Date "2007.11.03"]
[Round "3.5"]
[White "Belan, Jozef"]
[Black "Siroky, Jan"]
[Result "0-1"]
[WhiteElo "2095"]
[BlackElo "2228"]
[PlyCount "80"]
[EventDate "2007.10.06"]
[EventType "team-tourn"]
[EventRounds "11"]
[EventCountry "SVK"]
[SourceTitle "EXT 2010"]
[Source "ChessBase"]
[SourceDate "2010.11.25"]
[SourceVersion "1"]
[SourceVersionDate "2010.11.25"]
[SourceQuality "1"]
[WhiteTeam "Topolcianky Lokomotiva"]
[BlackTeam "Tlmace SK"]
[WhiteTeamCountry "SVK"]
[BlackTeamCountry "SVK"]

1. e4 e6 2. d4 d5 3. Nc3 dxe4 4. Nxe4 Nd7 5. Nf3 Ngf6 6. Bd3 Be7 7. Nxf6+ Bxf6 8. 0-0 0-0 9. Qe2 c5 10. c3 cxd4 11. cxd4 Nb6 12. h4 Qd5 13. Rd1 Qh5 14. Bg5 Bxg5 15. hxg5 Qg4 16. Qe5 Nd5 17. Qh2 g6 18. Re1 Qf4 19. Qh1 f5 20. gxf6 Rxf6 21. Re4 Qc7 22. Rh4 Qg7 23. Qh2 Bd7 24. Ng5 h5 25. Qd6 Raf8 26. Ne4 Rf4 27. Rxf4 Rxf4 28. g3 Rf7 29. Ng5 Re7 30. Bc4 Bc6 31. Nxe6 Qf6 32. Bxd5 Bxd5 33. Qd8+ Kf7 34. Nf4 Re1+ 35. Rxe1 Qxd8 36. Re5 Bxa2 37. d5 Kf6 38. Re6+ Kf5 39. Rxg6 Bxd5 40. Rh6 Bf3 0-1